M C Q S IN ANATOMY (Record no. 7963)

MARC details
000 -LEADER
fixed length control field 00322nam a2200133Ia 4500
082 ## - DEWEY DECIMAL CLASSIFICATION NUMBER
Classification number 611
Item number M 06 B
100 ## - MAIN ENTRY--PERSONAL NAME
Personal name BHADHI KAR, D.
245 ## - TITLE STATEMENT
Title M C Q S IN ANATOMY
250 ## - EDITION STATEMENT
Edition statement 1 ST
260 ## - PUBLICATION, DISTRIBUTION, ETC. (IMPRINT)
Name of publisher, distributor, etc THE NATIONAL BOOK DEPT. MUMBAI
Year of Publication 2006
300 ## - PAGE DESCRIPTION
No. of Pages 300
942 ## - ADDED ENTRY ELEMENTS (KOHA)
Source of classification or shelving scheme Dewey Decimal Classification
Koha item type Books
942 ## - ADDED ENTRY ELEMENTS (KOHA)
-- 16
Holdings
Withdrawn status Lost status Source of classification or shelving scheme Damaged status Not for loan Collection code Home library Current library Date acquired Vendor Name Cost, normal purchase price SGTU Bill Number Total Checkouts Full call number Accession No. (Barcode) Date last seen Date last borrowed Bill Date Koha item type Use restrictions Shelving location
    Dewey Decimal Classification     AYURVEDA SGT FA-FP Library SGT FA-FP Library 14/09/2015 ABC DELHI 150.00 SGTU 5567 3 611 M 06 B FA2334 05/05/2023 02/05/2023 31/03/2015 Books    
    Dewey Decimal Classification     AYURVEDA SGT FA-FP Library SGT FA-FP Library 14/09/2015 ABC DELHI 150.00 SGTU 5567   611 M 06 B FA2335 14/09/2015   31/03/2015 Books Restricted Access Reference Book
    Dewey Decimal Classification     AYURVEDA SGT FA-FP Library SGT FA-FP Library 14/09/2015 ABC DELHI 150.00 SGTU 5567 2 611 M 06 B FA2336 17/05/2023 01/05/2023 31/03/2015 Books    
    Dewey Decimal Classification     AYURVEDA SGT FA-FP Library SGT FA-FP Library 14/09/2015 ABC DELHI 150.00 SGTU 5567 8 611 M 06 B FA2337 13/01/2025 08/01/2025 31/03/2015 Books    
    Dewey Decimal Classification     AYURVEDA SGT FA-FP Library SGT FA-FP Library 14/09/2015 ABC DELHI 150.00 SGTU 5567 7 611 M 06 B FA2338 06/11/2023 09/10/2023 31/03/2015 Books